Predpoklady rozvoja znalostnej ekonomiky na Slovensku

Inovačná aktivita v slovenskej ekonomike. Informatizácia slovenskej spoločnosti. Európsky inovačný prehľad. Sumárny inovačný index (SII). Inovačný index sektora služieb (SSII).

Salvato in:
Dettagli Bibliografici
Autore principale: Kubičková, Viera, 1970-
Natura: Capitolo di libro
Lingua:slovacco
Soggetti:
Tags: Aggiungi Tag
Nessun Tag, puoi essere il primo ad aggiungerne!!

MARC

LEADER 00000naa$a2200000$$$4500
001 0081938
005 20240613100925.0
041 0 |a slo 
044 |a SK 
245 1 0 |a Predpoklady rozvoja znalostnej ekonomiky na Slovensku  |c Viera Kubičková 
520 |a Inovačná aktivita v slovenskej ekonomike. Informatizácia slovenskej spoločnosti. Európsky inovačný prehľad. Sumárny inovačný index (SII). Inovačný index sektora služieb (SSII). 
610 2 0 |a Slovensko 
610 2 0 |a ekonomika vedomostná 
610 2 0 |a stratégia inovačná 
610 2 0 |a stratégia informačná 
610 2 0 |a informatizácia 
610 2 0 |a výskum 
610 2 0 |a vývoj 
610 2 0 |a služby informačné 
100 1 |a Kubičková, Viera, 1970-